000 00498nam a2200169 i 4500
001 93791
003 ES-MaACL
005 20231207063019.0
007 t|
008 050420s1938 sp ||||1| spa d
100 1 _aLópez Ibor, Juan José,
_d1906-1991
_973703
245 1 0 _aDiscurso a los universitarios españoles /
_cJuan José López Ibor.
260 _aSantander :
_bAldus,
_c1938.
300 _a155 p. ;
_c18 cm.
852 _aES-MaACL
_jA-5026
_bR.16480
999 _c93791
_d93791